Keranda tok wan terbang (Record no. 167858)

MARC details
000 -LEADER
fixed length control field 00833ngm a2200217 i 4500
001 - CONTROL NUMBER
control field C2-0338370
003 - CONTROL NUMBER IDENTIFIER
control field PPAK
005 - DATE AND TIME OF LATEST TRANSACTION
control field 20180727222538.0
008 - FIXED-LENGTH DATA ELEMENTS--GENERAL INFORMATION
fixed length control field 161026s2016 my |||| ||||| | vlmay d
040 ## - CATALOGING SOURCE
Original cataloging agency PPAK
Language of cataloging eng
Transcribing agency PPAK
Description conventions rda
245 10 - TITLE STATEMENT
Title Keranda tok wan terbang
264 #1 - PRODUCTION, PUBLICATION, DISTRIBUTION, MANUFACTURE, AND COPYRIGHT NOTICE
Place of production, publication, distribution, manufacture Kuala Lumpur :
Name of producer, publisher, distributor, manufacturer K & L Entertainment Sdn. Bhd. ,
Date of production, publication, distribution, manufacture, or copyright notice 2016
336 ## - CONTENT TYPE
Source rdacontent
Content type term text
337 ## - MEDIA TYPE
Source rdamedia
Media type term unmediated
338 ## - CARRIER TYPE
Source rdacarrier
Carrier type term volume
500 ## - GENERAL NOTE
General note Special feature : the making of the movie ; In Malay dialogue with Malay and English subtitle. ; DVD, NTSC, Dolby digital, stereo. ; Summary : Adik-beradik Hasan dan Husin telah pulang ke kampung halaman setelah dipecat dari kerja. Apabila
700 ## - ADDED ENTRY--PERSONAL NAME
Relator term author
Personal name Hashim Rejab,
Relator term compile
Personal name MIG Sound Factory ; Ng, Brian,
Relator term editor
942 ## - ADDED ENTRY ELEMENTS (KOHA)
Source of classification or shelving scheme Dewey Decimal Classification
Koha item type Digital Video Disc
Holdings
Withdrawn status Lost status Source of classification or shelving scheme Damaged status Not for loan Home library Current library Shelving location Date acquired Source of acquisition Cost, normal purchase price Total Checkouts Full call number Barcode Date last seen Cost, replacement price Price effective from Koha item type
    Dewey Decimal Classification     Perpustakaan Alor Setar Perpustakaan Alor Setar Pinjaman Dewasa 14/11/2016 GI 21.50   791.4372 HAS A01500008 05/07/2018 21.50 05/07/2018 Digital Video Disc